LEADER 02140nam 2200433 450 001 000004814 005 20180718151453.0 010 $a0-87262-749-7 100 $a20180718d1990----km-y0itay0103----ba 101 0 $aeng 102 $aUS 200 1 $aPipeline design and installation$eproceedings of the International Conference$fsponsored by the Pipeline Planning Committee of the Pipeline Division of the American Society of Civil Engineers$gin cooperation with the: Nevada Section, ASCE [and] South Nevada Branch, ASCE: Las Vegas, Nevada March 25-27, 1990$gedited by Kenneth K. Kienow 210 $aNew York$cAmerican Society of Civil Engineers$d1990 215 $a700 p.$cill.$d22 cm. 606 1 $aCondotte idriche$xCongressi 676 $a621.8672$v(22. ed.)$9Ingegneria delle macchine. Attrezzature di trasporto. Tubi 702 1$aKienow,$bKenneth K. 712 02$aAmerican Society of Civil Engineers$bCommittee on pipeline planning 712 02$aAmerican Society of Civil Engineers$bNevada section 712 02$aAmerican Society of Civil Engineers$bSouthNevada Branch 712 12$aInternational Conference on pipeline design and installation$f<1990$e; Las Vegas, Nev.> 801 0$aIT$bUniversità della Basilicata - B.I.A.$gRICA$2unimarc 912 $a000004814 996 $aPipeline design and installation$973233 997 $aUNIBAS CAT $aMEDURI$b01$c20000628$lBAS01$h1108 CAT $c20000920$lBAS01$h1833 CAT $c20001010$lBAS01$h1635 CAT $c20050601$lBAS01$h1753 CAT $abatch$b01$c20050718$lBAS01$h1048 CAT $c20050718$lBAS01$h1107 CAT $c20050718$lBAS01$h1137 CAT $c20050718$lBAS01$h1152 CAT $aTTM$b30$c20180718$lBAS01$h1350 CAT $aTTM$b30$c20180718$lBAS01$h1508 CAT $aTTM$b30$c20180718$lBAS01$h1514 FMT Z30 -1$lBAS01$LBAS01$mBOOK$1BASA2$APolo Tecnico-Scientifico$2DID$BDidattica$3PTS.s3.p8.18$9ING/90785$690785$5I90785$820000628$f98$FConsultazione Z30 -1$lBAS01$LBAS01$mBOOK$1BASA2$APolo Tecnico-Scientifico$2GEN$BCollezione generale$3PTS.d1.CGT.116133$6116133$5T116133$820180718$f02$FPrestabile Generale LEADER 01530cam0-2200505---450- 001 990000075190203316 005 20000612 010 $a0-471-97048-4.- ISBN 0-471-97049-2 035 $a0007519 035 $aUSA010007519 035 $a(ALEPH)000007519USA01 035 $a0007519 100 $a20000612d1999----|||y0itay0103----ba 101 0 $aEng 102 $aGB 105 $a||||||||001yy 200 1 $aBasic crystallography$fJ.-J. Rousseau$gtranslated from the French by A. James 210 $aChichester [etc.]$cJohn Wiley & sons$d1999 215 $aXII, 414 p.$d21 cm.$e+ 1 CD-ROM 610 $aCristallografia 676 $a548.81 700 1$aROUSSEAU,$bJean-Jacques <1712-1778>$0132862 801 $aIT$bSALBC$gISBD 912 $a990000075190203316 951 $a548.81 ROU$b13652 Ing + CD$c548.81$d00003816 959 $aBK 969 $aTec 979 $c20000914$lUSA01$h1734 979 $c20001019$lUSA01$h1056 979 $c20001019$lUSA01$h1453 979 $c20001019$lUSA01$h1501 979 $c20001019$lUSA01$h1538 979 $c20001024$lUSA01$h1514 979 $c20001027$lUSA01$h1519 979 $c20001027$lUSA01$h1523 979 $c20001110$lUSA01$h1709 979 $c20001124$lUSA01$h1207 979 $c20020403$lUSA01$h1615 979 $aPATRY$b90$c20040406$lUSA01$h1606 979 $aPASSARO$b90$c20140530$lUSA01$h1321 979 $aPASSARO$b90$c20140530$lUSA01$h1323 996 $aBasic crystallography$91516087 997 $aUNISA DB $aUSA01 SYS ID$a7519